000 00452pab a2200169 454500
008 180718b2014 xxu||||| |||| 00| 0 eng d
100 _aMeyer, Werner G.
245 _aThe effect of optimism bias on the decision to terminate failing projects
260 _c2014
300 _ap.7-20.
362 _aAug-Sep
650 _aDecesion making
650 _aProject management
773 _aProject Management Journal
908 _aN
909 _a105335
999 _c105330
_d105330